000 00300nam a22001337a 4500
008 171005b xxu||||| |||| 00| 0 eng d
020 _a9780716757924
041 _aeng
080 _25 ED
_a159.9
100 _a49
101 _aPSI
245 _aPSYCHOLOGY ABNORMAL
_cCOMER.R.J
942 _2udc
_cBK
999 _c32003
_d32003